Tableau des médailles olympiques - Athènes 1896 - Statistiques

Statistiques générales
  • Ce quiz a été pris 22 fois
  • Le résultat moyen est 6 sur 10
Statistiques - réponses
Or Argent Bronze Total Pays % Correct
11 7 2 20 États-Unis
100%
6 5 2 13 Allemagne
95%
5 4 2 11 France
95%
2 3 2 7 Grande-Bretagne
81%
10 17 19 46 Grèce
76%
1 2 0 3 Suisse
57%
1 2 3 6 Danemark
52%
2 1 2 5 Autriche
38%
2 1 3 6 Hongrie
38%
1 1 1 3 Équipe mixte
14%
Aucun quiz correspondant
Distribution des résultats
% des personnes avec chaque résultat
Percentile par nombre de réponses
Votre historique - résultats
Vous n’avez pas pris ce quiz